| 000 | 01255nam a22001575i 4500 | ||
|---|---|---|---|
| 008 | 210409s2022 mou 000 0 eng | ||
| 020 | _a9780323764032 | ||
| 100 | 1 | _aIbsen, Olga A.C., | |
| 245 | 1 | 0 |
_aOral pathology for the dental hygienist : _bwith general pathology introductions / _cOlga A.C. Ibsen, Scott M. Peters. |
| 250 | _a8. | ||
| 260 |
_aMissouri _bElsevier _c2023 |
||
| 300 | _apages cm | ||
| 520 | _a"Oral Pathology for the Dental Hygienist: With General Pathology Introductions will teach the dental hygiene student to recognize lesions and conditions, describe them using professional terminology and, through data collection, assist in the preliminary diagnosis of the lesion/condition identified. The text is supported by full-color illustrations. Although the intended audience is the dental hygiene student, this text is also an excellent reference for dental students and practicing dental hygiene professionals. It covers the pathologic conditions likely to be encountered in private practice and integrative health care settings. Furthermore, it can provide an introduction to oral disease for other health professionals, such as nurses, physician assistants, and medical technologists"-- | ||
| 700 | 1 | _aPeters, Scott M., | |
| 942 | _cBK | ||
| 999 |
_c2361 _d2361 |
||